01154 a2200193 45000010006000000050017000060080041000230030015000640400040000790800019001192450035001380200018001732500012001912640029002033000019002325050679002510410008009301000022009385457820260407155819.0260407a1987 arg spa dAR-UNSa-BCEJYS aAR-UNSa-BCEJYSbspacAR-UNSa-BCEJYS a32xPolítica10aIntroducción a la política a84-344-1777-4 a9a. ed. 1aBarcelona :bArielc1987 a281 p.c21 cm. aPrimera parte: Los factores de la lucha - I. Factores biológicos - II. Factores psicológicos - III. Factores demográficos - IV. Factores geográficos - V. Factores socioeconómicos - VI. Factores culturales - Segunda parte: Las formas de la contienda - I. Los marcos de la contienda - II. Las organizaciones de la contienda - III. Las armas de la contienda - IV. Las estrategias políticas - V. Los límites de la contienda - Tercera parte: Del antagonismo a la integración - I. Teoría de la integración - II. Técnica de la integración - III. ¿Integración o pseudointegración? - IV. Integración y nivel de desarrollo - VI. La imposible edad de oro aspa1 aDuverger, Maurice